Historia de la filosofía
Kaydedildi:
| Yazar: | |
|---|---|
| Materyal Türü: | Kitap |
| Dil: | İspanyolca |
| Baskı/Yayın Bilgisi: |
Barcelona
Iberia
1952
|
| Seri Bilgileri: | Obras Maestras
|
| Konular: | |
| Etiketler: |
Etiketle
Etiket eklenmemiş, İlk siz ekleyin!
|
MARC
| LEADER | 00000nam a2200000 a 4500 | ||
|---|---|---|---|
| 001 | UCO4729 | ||
| 003 | CL-VaPUC | ||
| 008 | 000811e19520000SP |||||||||||||||||spa|d | ||
| 082 | 0 | 4 | |a 109 |b BAL |2 21 |
| 100 | 0 | |a Balmes Urpiá, Jaime Luciano |e author |9 449363 | |
| 245 | 1 | 0 | |a Historia de la filosofía |
| 246 | 1 | 0 | |a Tratado de estética |
| 300 | |a 239 p | ||
| 942 | |c BK | ||
| 945 | |d 20000811 00:00:00 |a crobeson | ||
| 260 | |a Barcelona |b Iberia |c 1952 | ||
| 650 | 0 | |a Filosofía |9 223554 | |
| 650 | 0 | |a Filosofía antigua |9 255705 | |
| 650 | 0 | |a Filosofía medieval |9 256245 | |
| 650 | 0 | |a Filosofía moderna |9 258121 | |
| 650 | 0 | |a Estética |9 264950 | |
| 583 | |a last modification |c 20190725 04:16:38 |k Rodrigo Vera | ||
| 490 | 0 | |a Obras Maestras | |
| 999 | |c 290730 |d 290728 | ||